| 000 | 00348 a2200157 4500 | ||
|---|---|---|---|
| 001 | 61253 | ||
| 020 | _a9783190018253 | ||
| 040 | _cAnchieta - Pituba | ||
| 100 | _aPuchta, Herbert | ||
| 240 | 1 | 0 |
_aIdeen 3 _lpor |
| 245 | 1 | 0 | _aIdeen 3 |
| 300 | _a149 | ||
| 362 | 0 | _a2011 | |
| 650 | 4 | _aLínguas germânicas (teutônicas) língua alemã | |
| 942 | _cBK | ||
| 999 |
_c61253 _d61253 |
||